Capelán "fecit" (Record no. 878)

MARC details
000 -LEADER
campo de control de longitud fija 00471nam a22001577a 4500
008 - DATOS DE LONGITUD FIJA--INFORMACIÓN GENERAL
campo de control de longitud fija 160229b xxu||||| |||| 00| 0 eng d
082 ## - NÚMERO DE LA CLASIFICACIÓN DECIMAL DEWEY
Número de clasificación 708
Número de ítem C238f
100 ## - ENTRADA PRINCIPAL--NOMBRE DE PERSONA
Nombre de persona Capelán, Carlos
9 (RLIN) 4826
245 ## - MENCIÓN DEL TÍTULO
Título Capelán "fecit"
246 ## - FORMA VARIANTE DEL TITULO
Título propio/Titulo breve fecit
260 ## - PUBLICACIÓN, DISTRIBUCIÓN, ETC.
Lugar de publicación, distribución, etc. San José :
Nombre del editor, distribuidor, etc. Galería Jacob Karpio,
Fecha de publicación, distribución, etc. 1999
300 ## - DESCRIPCIÓN FÍSICA
Extensión 57 p. ;
Otras características físicas ill. (col.) ;
Dimensiones 28 cm.
600 ## - PUNTO DE ACCESO ADICIONAL DE MATERIA--NOMBRE DE PERSONA
Nombre de persona Capelán, Carlos;
Numeración 1948-
Subdivisión general Exhibiciones
9 (RLIN) 4554
650 ## - PUNTO DE ACCESO ADICIONAL DE MATERIA--TÉRMINO DE MATERIA
Término de materia o nombre geográfico como elemento de entrada Instalaciones
Subdivisión general Arte
9 (RLIN) 4827
650 ## - PUNTO DE ACCESO ADICIONAL DE MATERIA--TÉRMINO DE MATERIA
Término de materia o nombre geográfico como elemento de entrada Arte Moderno
9 (RLIN) 145
Holdings
Estatus retirado Estado de pérdida Fuente del sistema de clasificación o colocación Estado de daño No para préstamo Biblioteca de origen Biblioteca actual Ubicación en estantería Fecha de adquisición Total de préstamos Signatura topográfica completa Código de barras Visto por última vez Precio de reemplazo Tipo de ítem Koha
    Clasificación Decimal Dewey     Biblioteca LadoV Biblioteca LadoV   29/02/2016   708 C238f 000678 29/02/2016 29/02/2016 Material 01